=LDR 00000nam 2200000 4500 =001 INLIS000000000008649 =005 20130612100507 =008 ***********************************aInd** =035 ##$$0010-061300000008649 =041 ##$$a aInd =082 ##$$a 372.6 =090 ##$$a 372.6, Jun e =100 ##$$a Junaidi =245 ##$$a Het's Start English, Junaidi, SS =260 ##$$a 2000 $b Jakarta =300 ##$$a 96 hlm, 21 cm =650 ##$$a Bahasa Inggris